Advances in space science (Record no. 1884)

MARC details
000 -LEADER
fixed length control field 00564nam a2200181Ia 4500
003 - CONTROL NUMBER IDENTIFIER
control field IN-BaIIA
005 - DATE AND TIME OF LATEST TRANSACTION
control field 20250709143322.0
008 - FIXED-LENGTH DATA ELEMENTS--GENERAL INFORMATION
fixed length control field 211028s9999 xx 000 0 eng d
040 ## - CATALOGING SOURCE
Transcribing agency IIA Library
080 ## - UNIVERSAL DECIMAL CLASSIFICATION NUMBER
Universal Decimal Classification number 629.19(047.1)
Item number ASS-2
100 ## - MAIN ENTRY--PERSONAL NAME
Personal name Ordway, I Frederic III
9 (RLIN) 3607
245 #0 - TITLE STATEMENT
Title Advances in space science
Remainder of title vol. II
Statement of responsibility, etc. I Frederic III Ordway
260 ## - PUBLICATION, DISTRIBUTION, ETC.
Place of publication, distribution, etc. New York
Name of publisher, distributor, etc. Academic Press
Date of publication, distribution, etc. 1960
300 ## - PHYSICAL DESCRIPTION
Extent xiii,450p
650 ## - SUBJECT ADDED ENTRY--TOPICAL TERM
Topical term or geographic name entry element Astronomy and Astrophysics Thesaurus
650 ## - SUBJECT ADDED ENTRY--TOPICAL TERM
Topical term or geographic name entry element Space Science
9 (RLIN) 3608
942 ## - ADDED ENTRY ELEMENTS (KOHA)
Koha item type Books
Source of classification or shelving scheme Dewey Decimal Classification
Holdings
Withdrawn status Lost status Source of classification or shelving scheme Damaged status Not for loan Home library Current library Shelving location Date acquired Cost, normal purchase price Total Checkouts Full call number Barcode Date last seen Cost, replacement price Price effective from Koha item type Purchase Price
    Dewey Decimal Classification     IIA Library-Bangalore IIA Library-Kodaikanal General Stacks   76.50   629.19(047.1)/ ASS-2 2071 05/11/2021 76.50   Books Rs. 76.50

Powered by Koha